| 000 | 00948nam a22002777a 4500 | ||
|---|---|---|---|
| 001 | 5148 | ||
| 003 | FISKH | ||
| 005 | 20241107150324.0 | ||
| 008 | 241107b cb ||||| |||| 00| 0 eng d | ||
| 020 | _a9780329138318 | ||
| 040 |
_aFISKH _beng _cFISKH _dFISKH |
||
| 050 | _aE99.C5 | ||
| 082 | _a970.3 | ||
| 100 | _aBealer, Alex W. | ||
| 245 |
_aOnly the Names Remain : _bThe Cherokees and The Trail of Tears / _cby Alex W. Bealer : illustrated by Kristina Rodanas |
||
| 260 |
_aBoston : _bLittle, Brown and Company ; _c1972 . |
||
| 300 |
_a76 pages : _billustrations ; _c20 cm . |
||
| 505 | _aZ | ||
| 520 | _aDescribes the life of the Cherokee Indians in Georgia before and after the U.S. government forcibly removed them from their land. | ||
| 521 | 8 |
_a1050
_bLexile |
|
| 521 | 8 |
_aZ
_bRaz-plus |
|
| 650 |
_aTrail of Tears _vnon-fiction |
||
| 700 |
_aRodanas, Kristina _eillustrator |
||
| 942 |
_2ddc _cBK _n0 |
||
| 999 |
_c5148 _d5148 |
||